[Event "AUTO-OPEN-766"]
[Site "http://www.queenalice.com/game.php?id=317626"]
[Date "2007.12.9"]
[Round "2"]
[White "rohit_raj"]
[Black "anax"]
[Result "1-0"]
[WhiteElo "1952"]
[BlackElo "1898"]

1. e4 e6 2. Nf3 d5 3. exd5 exd5 4. d4 Nc6 5. Nc3 Bb4 6. Bd2 Qd6 7. Bb5 f6 8.
Bxc6+ Qxc6 9. O-O Be6 10. a4 O-O-O 11. Nb5 Qb6 12. Bxb4 a6 13. Bc5 Qa5 14. b4
axb5 15. bxa5 bxa4 16. Rxa4 Kd7 17. Qb1 Rb8 18. a6 b6 19. a7 Ra8 20. Qb5+ Kd8
21. Qc6 Bd7 22. Qxa8+ 1-0

[Event "AUTO-OPEN-766"]
[Site "http://www.queenalice.com/game.php?id=317627"]
[Date "2007.12.9"]
[Round "2"]
[White "anax"]
[Black "rohit_raj"]
[Result "1/2-1/2"]
[WhiteElo "1844"]
[BlackElo "1971"]

1. d4 Nf6 2. e3 d5 3. Nc3 e6 4. h3 Bb4 5. Bd2 O-O 6. a3 Bxc3 7. Bxc3 Ne4 8. Ne2
Qf6 9. f3 Qh4+ 10. g3 Nxg3 11. Nxg3 Qxg3+ 12. Ke2 Bd7 13. Be1 Qg6 14. Bf2 Ba4
15. b3 Bb5+ 16. Ke1 Bxf1 17. Kxf1 Nc6 18. b4 b5 19. c3 e5 20. dxe5 Nxe5 21. Qxd5
Qf6 22. f4 Nc4 23. Qd4 Rfd8 24. Qxf6 gxf6 25. Kg2 Rd2 26. Kf3 Rad8 27. Bh4 R8d6
28. a4 a6 29. axb5 axb5 30. Ra8+ Kg7 31. Rg1+ Kh6 32. Rf8 R2d3 33. Rxf7 Rxe3+
34. Kg4 Rxc3 35. Bxf6 Kg6 36. Bxc3 Kxf7 37. Rg3 Rg6+ 38. Kf3 Rxg3+ 39. Kxg3 Kg6
40. h4 h5 41. Kf3 1/2-1/2

[Event "AUTO-OPEN-766"]
[Site "http://www.queenalice.com/game.php?id=317628"]
[Date "2007.12.9"]
[Round "2"]
[White "rohit_raj"]
[Black "dante72"]
[Result "1-0"]
[WhiteElo "1966"]
[BlackElo "1767"]

1. e4 e5 2. Nf3 d6 3. Bc4 h6 4. O-O Be6 5. Bxe6 fxe6 6. d4 exd4 7. Nxd4 Qf6 8.
Nc3 a6 9. Be3 Ne7 10. Qg4 Kd7 11. f4 h5 12. Qh3 g6 13. f5 gxf5 14. exf5 e5 15.
Bg5 Qxg5 16. f6+ Ke8 17. f7+ Kd8 18. Ne6+ 1-0

[Event "AUTO-OPEN-766"]
[Site "http://www.queenalice.com/game.php?id=317629"]
[Date "2007.12.9"]
[Round "2"]
[White "dante72"]
[Black "rohit_raj"]
[Result "0-1"]
[WhiteElo "1847"]
[BlackElo "2001"]

1. d4 Nf6 2. Nc3 d5 3. e3 c6 4. f4 Bg4 5. Be2 Bxe2 6. Ngxe2 e6 7. Bd2 Bb4 8. a3
Ba5 9. O-O O-O 10. Ng3 Nbd7 11. Nh5 Bxc3 12. Bxc3 Nxh5 13. Qxh5 Nf6 14. Qh4 Rc8
15. Bb4 Re8 16. Rf3 a5 17. Bc3 Qb6 18. Rg3 Kf8 19. b4 Ne4 20. bxa5 Qc7 21. Bb4+
Kg8 22. Rg4 f5 23. Rg5 Nxg5 24. fxg5 e5 25. Rf1 exd4 26. exd4 Re4 27. Qh3 g6 28.
c3 Rce8 29. Qd3 Re3 30. Qd2 Re2 31. Qc1 Qd8 32. c4 R8e3 33. Rf2 Qe8 34. Rxe2
Rxe2 35. h3 Qe4 36. cxd5 Qxg2# 0-1

[Event "Let's Play Chess!"]
[Site "http://www.queenalice.com/game.php?id=320777"]
[Date "2007.12.15"]
[Round "-"]
[White "rollingthunder"]
[Black "rohit_raj"]
[Result "0-1"]
[WhiteElo "1078"]
[BlackElo "1969"]

1. e4 e5 2. Nf3 Nf6 3. Nxe5 d6 4. Nf3 Nxe4 5. Bd3 Nf6 6. O-O Be7 7. c3 Nc6 8.
Bb5 Bd7 9. d4 a6 10. Bd3 Bg4 11. Nbd2 d5 12. Qe2 O-O 0-1

[Event "Let's Play Chess!"]
[Site "http://www.queenalice.com/game.php?id=322154"]
[Date "2007.12.19"]
[Round "-"]
[White "rohit_raj"]
[Black "claudiopsi"]
[Result "1-0"]
[WhiteElo "1961"]
[BlackElo "1952"]

1. e4 e5 2. f4 d5 3. exd5 exf4 4. Nf3 Qxd5 5. Nc3 Qd8 6. d4 Nf6 7. Bxf4 Be6 8.
Be2 Bb4 9. Qd3 O-O 10. O-O Bxc3 11. bxc3 Re8 12. Ng5 g6 13. Nxe6 Rxe6 14. Bg5
Nbd7 15. Bg4 Rd6 16. Bxd7 1-0

[Event "Challenge"]
[Site "http://www.queenalice.com/game.php?id=329299"]
[Date "2008.1.1"]
[Round "-"]
[White "Bixu"]
[Black "rohit_raj"]
[Result "0-1"]
[WhiteElo "1710"]
[BlackElo "2006"]

1. e4 e5 2. Nf3 Nc6 3. h4 Nf6 4. Ng5 Bc5 5. Bc4 O-O 6. d3 d6 7. f3 Nh5 8. f4 g6
9. f5 Na5 10. Bd5 c6 11. fxg6 hxg6 12. g4 Ng3 13. Rh3 Qf6 14. Nf3 Bxg4 15. Rxg3
Bxf3 16. Bg5 Qxg5 17. hxg5 Bxd1 18. Kxd1 cxd5 19. Nc3 dxe4 20. Nxe4 Kg7 21. c3
Nc6 22. Rh3 Rh8 23. Rh6 Rxh6 24. gxh6+ Kxh6 25. Kc2 Rd8 26. Rh1+ Kg7 27. Nxc5
dxc5 28. Rh4 f5 29. Rc4 b6 30. b4 Rd5 31. a3 g5 32. bxc5 b5 33. Rb4 Nxb4+ 34.
cxb4 g4 35. c6 Rd8 36. Kd2 Rc8 37. Ke2 Rxc6 0-1

[Event "Challenge"]
[Site "http://www.queenalice.com/game.php?id=350942"]
[Date "2008.2.8"]
[Round "-"]
[White "rohit_raj"]
[Black "patoche"]
[Result "0-1"]
[WhiteElo "2019"]
[BlackElo "2046"]

1. e4 Nc6 2. Nf3 e5 3. Bb5 a6 4. Ba4 Nf6 5. O-O b5 6. Bb3 d6 7. Re1 Be7 8. d4
Bg4 9. dxe5 Nxe5 10. Nbd2 O-O 11. h3 Bxf3 12. Nxf3 c5 13. Nxe5 dxe5 14. Bd5 Ra7
15. b3 Rd7 16. c4 Nxd5 17. exd5 Bd6 18. Bb2 Qb8 19. Qe2 Re7 20. Rab1 b4 21. f4
exf4 22. Qg4 g6 23. Qg5 Rfe8 24. Qf6 Rxe1+ 25. Rxe1 Rxe1+ 26. Kf2 Be5 0-1

[Event "QA-ANNIV-03"]
[Site "http://www.queenalice.com/game.php?id=360795"]
[Date "2008.2.25"]
[Round "5"]
[White "aormic"]
[Black "rohit_raj"]
[Result "1-0"]
[WhiteElo "2203"]
[BlackElo "2033"]

1. d4 Nf6 2. c4 g6 3. Nc3 Bg7 4. e4 d6 5. Nf3 O-O 6. h3 Nbd7 7. Be3 e5 8. d5 Nc5
9. Qc2 b6 10. Nd2 a5 11. Be2 1-0